000 01168nam a2200313 a 4500
001 000110083
003 CHAP
005 20220329144117.0
008 140722s2014 mx | |sm |||||||spa|d
010 _a106545
011 _a107517
040 _cCHAP
090 _aTesis
100 1 _aCruz Alonso, Mauricio
_9127471
245 1 0 _aDinámica de innovación en ganado de doble propósito en el trópico húmedo de México
_h[En línea]
_cpor Mauricio Cruz Alonso.
260 _aChapingo, Méx. :
_bEl autor,
_c2014.
500 _aPara ver el contenido del material haga clic en la liga
502 _aTesis (Ing. Agr. Esp. en Zootecnia) -- UACH. Departamento de Enseñanza, Investigación y Servicio en Zootecnia
590 _aBATCH-UPD
_b05
_c20141002
_lUCH01
_h0905
590 _aE792CSJ
_b05
_c20140722
_lUCH01
_h0854
590 _aE792CSJ
_b05
_c20140722
_lUCH01
_h0854
650 1 4 _aGanadería
_xInnovaciones tecnológicas.
_944755
650 1 4 _aGanado vacuno
_xProducción.
_945506
650 1 4 _aGanado vacuno
_xTrópicos.
_945522
856 _aFinding aid
_uhttp://10.13.5.2/tesis/sist110083.pdf
_zTeclea aquí
901 _aBK
942 _cTESIS
942 _n0
999 _c106545
_d106545